ENGINEERING ECONOMY: (Record no. 7872)

MARC details
000 -LEADER
fixed length control field 00455nam a2200193 4500
003 - CONTROL NUMBER IDENTIFIER
control field .
005 - DATE AND TIME OF LATEST TRANSACTION
control field 20260106134527.0
008 - FIXED-LENGTH DATA ELEMENTS--GENERAL INFORMATION
fixed length control field .
020 ## - INTERNATIONAL STANDARD BOOK NUMBER
International Standard Book Number 9781292457550
040 ## - CATALOGING SOURCE
Transcribing agency .
082 ## - DEWEY DECIMAL CLASSIFICATION NUMBER
Classification number 620.00681 S949 2025
100 ## - MAIN ENTRY--PERSONAL NAME
Personal name Sullivan, William G.
245 ## - TITLE STATEMENT
Title ENGINEERING ECONOMY:
Remainder of title /
Statement of responsibility, etc. William G. Sullivan 
250 ## - EDITION STATEMENT
Edition statement 8 ed
260 ## - PUBLICATION, DISTRIBUTION, ETC.
Name of publisher, distributor, etc. Hoboken; Pearson,  2025
300 ## - PHYSICAL DESCRIPTION
Extent 743 p
Dimensions 24 cm
650 ## - SUBJECT ADDED ENTRY--TOPICAL TERM
Geographic subdivision Engineering economy
942 ## - ADDED ENTRY ELEMENTS (KOHA)
Source of classification or shelving scheme Dewey Decimal Classification
Koha item type English Book
Suppress in OPAC No
Holdings
Withdrawn status Lost status Source of classification or shelving scheme Damaged status Not for loan Home library Current library Date acquired Total Checkouts Full call number Barcode Date last seen Price effective from Koha item type
    Dewey Decimal Classification     KHOBAR KHOBAR 07/29/2025   620.00681 S949 2025 1000000035025 07/29/2025 07/29/2025 English Book
    Dewey Decimal Classification     KHOBAR KHOBAR 07/29/2025   620.00681 S949 2025 1000000035026 07/29/2025 07/29/2025 English Book